000 00440nam a2200181Ia 4500
001 16299
005 20260306170259.0
008 260306t2016||||xx |||||||||||||| ||und||
041 _aESP
082 _a347.7
_bB64D
100 _aBlossiers Mazzini, Juan José
_eAUT
245 0 _aPara conocer el derecho bancario
260 _c2016
300 _a446 páginas :
_c24 cm.
650 _aGEN
654 _aCDE
942 _cLIB
_dJUS
_fJUS
_2ddc
_n
999 _c16299
_d16299